[Event "EU-ch 1st"]
[Site "Saint Vincent"]
[Date "2000.07.13"]
[Round "10"]
[White "Gershon, Alik"]
[Black "Beliavsky, Alexander G"]
[Result "1/2-1/2"]
[WhiteElo "2502"]
[BlackElo "2654"]
[Annotator "Golod,V"]
[PlyCount "50"]
[EventDate "2000.07.03"]
[EventType "swiss"]
[EventRounds "11"]
[EventCountry "ITA"]
[SourceTitle "CBM 078"]
[Source "ChessBase"]
[SourceDate "2000.10.18"]
[SourceVersion "1"]
[SourceVersionDate "2000.10.18"]
[SourceQuality "1"]

1. d4 Nf6 2. c4 e6 3. Nc3 Bb4 4. Qc2 O-O 5. a3 Bxc3+ 6. Qxc3 b6 7. Bg5 Bb7 8.
e3 d6 9. f3 $5 (9. Nf3 $5 {You can see comments to games: Dreev,A-Salov,V/
Elista,1998/CBM65(1/2-1/2) (Golod,V)(36) and Dreev,A-Razuvaev,Y/St.Petersburg,
1998/ CBM67(1-0)(Golod,V)(40)}) 9... Nbd7 (9... h6 $5 {See comments to
Schandorff,L-Hansen,C/ Taastrup,1998/CBM 65 (1/2-1/2) (Golod,V)(35)}) 10. Bd3
c5 (10... h6 $5 {See comments to Ivanov,S-Chepukaitis,G/St.Petersburg, 2000/
CBM 77 (Golod,V)(60)}) 11. b4 ({More in principle:} 11. Ne2 $5 {See comments
to Cramling,P-Kortschnoj,V/Marbella,1999/ CBM 74 (1/2-1/2)(Golod,V)(23)}) ({
In my opinion slightly worse is:} 11. dxc5 {See comments to Lev,R-Wells,P/
Herzliya, 1998/CBM 68(1/2-1/2)(Golod,V)(28)}) 11... h6 12. Bh4 d5 $5 $146 {
[%mdl 8]} ({Also black equalizes,at the minimum,after:} 12... Rc8 $5 13. dxc5
bxc5 14. b5 d5 15. Ne2 Ne4 $1 16. Bxd8 Nxc3 17. Bh4 Na4 18. cxd5 Bxd5 19. Bc2
Ndb6 20. Rc1 f6 $11 {Beck,H-Reichmann,E/AUT,1995(1/2-1/2)(53)}) 13. dxc5 bxc5
14. cxd5 ({Weakly:} 14. Bxf6 {because of:} Qxf6 15. Qxf6 Nxf6 16. bxc5 dxc4 17.
Bxc4 Rfc8 {[%csl Rc5] and evident advantage of black in the endgame.}) 14...
Nxd5 {Stereotyped answer in this positions.} ({From my point of view better is:
} 14... cxb4 $5 15. Qxb4 (15. axb4 Nxd5 16. Bxd8 Nxc3 17. Be7 Rfc8 $36 {
[%csl Rb4,Re7][%cal Gc3d5]}) 15... Ne5 $1 (15... Nxd5 $143 16. Bh7+ $1 Kh8 $8 (
16... Kxh7 $4 17. Qb1+ $18 {[%csl Rd8,Rh7]}) 17. Bxd8 Nxb4 18. Be7 Kxh7 19.
axb4 Rfe8 20. Bd6 Rec8 21. Ne2 Rc2 22. Kf2 $11 {[%cal Gh1c1]}) 16. Rd1 Nxd3+
17. Rxd3 Nxd5 $15) 15. Bxd8 $8 ({Badly:} 15. Qc4 $2 {[%csl Yc4][%cal Yc4h4] in
view of:} g5 $1 {[%csl Re3]} (15... Nxe3 $143 16. Bxd8 Nxc4 17. Be7 Nce5 $1 $15
) 16. Bf2 Ne5 $17) 15... Nxc3 16. Be7 Rfe8 $6 ({It deserves attention:} 16...
Rfc8 $5 {[%csl Re3,Re7][%cal Gc3d5]} 17. Ne2 {=/=/+} (17. e4 $6 a5 $36)) 17.
Bd6 $11 ({Senselessly:} 17. Bxc5 {because of:} Nxc5 18. bxc5 Red8 {[%csl Ga8,
Gd8][%cal Ga8c8] <->c;d}) 17... cxb4 18. axb4 e5 {[%cal Ge5e4]} 19. Bf5 Nf6 ({
Another alternative is:} 19... Nb6) 20. Ne2 Nb5 ({Dubious:} 20... Ncd5 21. Ra3
$140 a5 $6 {because of:} 22. bxa5 Ra6 23. Bc5 Rc6 {[%csl Rc5]} 24. e4 Rxc5 25.
exd5 Ra8 26. d6 g6 27. Bh3 Rcxa5 28. Rxa5 Rxa5 29. Kf2 $14 {[%cal Gh1b1]}) 21.
Bc5 e4 22. Kf2 {[%csl Yf2,Rf3][%cal Yf2f3] This move,undoubtedly,better,than:}
(22. O-O {or 22.f4}) 22... Re5 $1 23. Bh3 exf3 24. gxf3 a5 {[%csl Rc5,Ge5]
[%cal Ga5b4,Ge5c5,Yb4c5]} 25. Ra4 {[%cal Gh1a1]} axb4 {After this move white
is agreed for draw,though after:} (25... axb4 26. Rxa8+ Bxa8 27. Bxb4 Nd5 28.
Bd2 {Alik Gershon has a slight advantage in the endgame.}) 1/2-1/2

[Event "Bundesliga 0506"]
[Site "Germany"]
[Date "2005.12.10"]
[Round "5.8"]
[White "Ernst, Sipke"]
[Black "Rau, Hannes"]
[Result "1-0"]
[WhiteElo "2473"]
[BlackElo "2421"]
[Annotator "Golod,V"]
[PlyCount "59"]
[EventDate "2005.10.21"]
[EventType "team-tourn"]
[EventRounds "15"]
[EventCountry "GER"]
[SourceTitle "CBM 111"]
[Source "ChessBase"]
[SourceDate "2006.04.04"]
[SourceVersion "1"]
[SourceVersionDate "2006.04.04"]
[SourceQuality "1"]
[WhiteTeam "Solingen"]
[BlackTeam "Eppingen"]
[WhiteTeamCountry "GER"]
[BlackTeamCountry "GER"]

1. d4 Nf6 2. c4 e6 3. Nc3 Bb4 4. Qc2 O-O 5. a3 Bxc3+ 6. Qxc3 d6 7. Bg5 Nbd7 8.
e3 b6 9. Bd3 Ba6 10. Ne2 Rc8 $5 ({You can study my comments to two other
alternatives:} 10... c5 $5) ({and} 10... h6 $5) 11. b4 (11. Qc2 $5 {In my
opinion this is the best continuation. You can see my annotations to San
Segundo Carrillo,P-Tiviakov,S/Mondariz 2000/CBM 79(0-1)(40)}) ({Also
repeatedly was checked up in previous games:} 11. O-O) 11... h6 12. Bh4 c5 ({
On:} 12... Ne4 $5 {you can find six games in Mega DataBase 2005 and in them,
Black even has a positive balance.}) 13. dxc5 {It seems, that this is the best
reaction to the last move.} dxc5 ({This deserves serious attention:} 13... bxc5
14. b5 $140 Bb7 {and Black, in 4 games found by myself, didn't lose a single
one!}) 14. b5 Bb7 15. O-O-O $5 $146 {A quite interesting and logical novelty.
The queenside is closed, and probably will not be opened in the near future,
so White decided to get his king to safety, and with chance, he will start a
pawn storm on the kingside.} (15. f3 $5 Qe7 (15... Nd5 16. Bxd8 Nxc3 17. Be7
Rfe8 18. Bd6 Nxe2 19. Kxe2 $14) 16. O-O Rfd8 17. Bc2 Nf8 18. Rfd1 $14 {
Schandorff,L-Ochsner,T/Esbjerg,1997(1-0)(50)}) 15... Qe7 {Black avoids the
trap which was set for him, and doesn't take the poisoned pawn:} (15... Bxg2 $4
16. Rhg1 Bf3 (16... Ba8 $144 17. Bb1 $18) 17. Bc2 $1 $18 {with irresistable
threats in every file and diagonal. For example:} g5 18. Bxg5 $1 hxg5 19. Rxg5+
Kh8 20. Rxd7 {with mate in 7 moves.}) 16. Rd2 $14 {White is planning to double
his rooks over the <->d.} (16. f3 $5) 16... a6 {Same as on the last move,
Black can't touch the pawn "g2" .} (16... Bxg2 $4 17. Rg1 Bb7 (17... Bf3 $144
18. Bc2 $18) 18. Bc2 {[%csl Gc3,Re7,Rf6,Gg1,Rg8,Gh4][%cal Gd2d7] Black doesn't
have any respectable defense against the main threat: "Rxd7" .}) 17. a4 axb5
18. axb5 Rfd8 ({Nothing changed, and still this is impossible:} 18... Bxg2 $4
19. Rg1 Bf3 20. Bc2 $18 {[%csl Gc3,Rf6,Gg1,Rg8,Gh4][%cal Gd2d7]}) 19. f3 Nf8 (
19... Ra8 $5 {<->a}) 20. Rhd1 e5 $2 {><f5 This is a big positional mistake,
which allows to improve the position of the white bishop.} (20... Ra8 $5 $14)
21. Bf5 Rxd2 {Otherwise, Black is left without a pawn:} (21... Ra8 $2 22. Rxd8
Rxd8 23. Rxd8 Qxd8 24. Qxe5 $18) 22. Qxd2 {<->d; /\Qd6 קb6} Ra8 {This is the
same as resigning the game. I can only recommend the computer analysis:} (22...
Re8 23. Qd6 g5 24. Bg3 e4 25. f4 $1 {this isn't sweet for Black.}) 23. Qd6 {
White gets to the weakest spot in black's camp - Pb6.} Qxd6 ({Hardly this was
better:} 23... Ra1+ 24. Kb2 Qxd6 25. Rxd6 Rh1 26. Bg3 {[%csl Rb6,Re5][%cal
Yg3h2,Gg3e5,Od6b6]}) 24. Rxd6 Ra4 {Black has time to attack "c4", but this
doesn't save him.} 25. Bxf6 Rxc4+ (25... gxf6 $144 26. Kd2 Rxc4 27. Nc3 $1 $18
{with a rearrangement of moves we receive a position from the game.}) 26. Kd2
gxf6 27. Nc3 $1 $18 {Sipke Ernst first puts his knight to a better place, and
only then grabs "b6".} Rb4 28. Rxb6 Ba8 29. Ra6 Bb7 30. Ra7 {[%csl Rb7,Yf5]
[%cal Ga7b7] Black loses his bishop, and so it's time to resign :)} 1-0

[Event "RUS-ch"]
[Site "Krasnodar"]
[Date "2002.08.27"]
[Round "1"]
[White "Grachev, Boris V"]
[Black "Kiriakov, Petr"]
[Result "1/2-1/2"]
[WhiteElo "2466"]
[BlackElo "2553"]
[Annotator "Golod,V"]
[PlyCount "84"]
[EventDate "2002.08.27"]
[EventType "swiss"]
[EventRounds "9"]
[EventCountry "RUS"]
[SourceTitle "CBM 091"]
[Source "ChessBase"]
[SourceDate "2002.11.12"]
[SourceVersion "1"]
[SourceVersionDate "2002.11.12"]
[SourceQuality "1"]

1. d4 e6 2. c4 Nf6 3. Nc3 Bb4 4. Qc2 d6 5. Nf3 (5. Bg5 $5 {See comments to
Ivanov,S-Chepukaitis,G/St Petersburg,2000/CBM 77(0-1)(Golod,V)(60)}) 5... Nbd7
6. g3 b6 7. Bg2 Bb7 8. O-O Bxc3 9. Qxc3 O-O 10. b3 {White's plan is: Bb2,
Rad1or Rfd1and d5.} Qe7 $5 {Besides,white has several options:} (10... c5 $5 {
See comments to Ivanisevic,I-Bogdanovski,V/Skopje,2002/CBM 88(1-0)(Golod,V)(62)
}) (10... a5 $5) (10... Rb8 $5 {[%csl Rb7,Yb8][%cal Yb8b7,Gf6e4]}) (10... Re8)
({and} 10... Ne4 $6) 11. Bb2 a5 ({Is a possible continuations of the play:} 
11... Ne4 $5) (11... c5) (11... Be4) ({and} 11... Rac8 $5) 12. Rad1 ({Probable
is possible other arrangement of pieces:} 12. Rfd1 $5 {/\Rac1}) 12... Be4 {
In my opinion,this move is much better,than:} (12... Ne4 13. Qc1 Ndf6 14. Ne1
Nd7 15. f3 Nef6 16. e4 e5 17. Nc2 $14 {Kramnik-Annakov/Internet Chess Club,
1999(1-0)(25)}) ({or} 12... c5 13. d5 $6 {[%csl Rg7]} (13. dxc5 $142 $14) 13...
exd5 14. cxd5 b5 15. Nh4 Rfe8 $13 {Shishkin,V-Rashkovsky,N/Bydgoszc,2000(0-1)
(45)}) 13. Rfe1 c6 $5 $146 {[%cal Gd6d5]} ({Was checked in the previous games:
} 13... Rfe8 14. Bf1 c5 15. Nd2 cxd4 16. Qxd4 e5 17. Qe3 Bb7 18. Bg2 Bxg2 19.
Kxg2 {+/=/= Dokhoian,Y-Vyzmanavin,A/Irkutsk,1986(1/2-1/2)(24)}) 14. Bh3 {
[%csl Yh3] White do not want to change the bishops.} d5 15. Nd2 Bg6 16. Bg2
Rfc8 ({After:} 16... b5 {for white there is no sense to close a queen side:}
17. c5 (17. e4 $142 dxe4 18. Nxe4 Nxe4 19. Bxe4 Bxe4 20. Rxe4 {[%cal Gd4d5]}
Nf6 21. Re2 {with small positional advantage of white.}) 17... b4 18. Qe3 a4
$132) 17. e4 {Conducts to the large simplifications,but differently at black
as a minimum not worse position.} dxe4 18. Nxe4 Bxe4 19. Bxe4 Nxe4 20. Rxe4 Nf6
21. Ree1 {+/=/=} (21. Re2 {-was a bit more precise.}) 21... b5 22. Qf3 {
[%csl Re7][%cal Gd4d5] Grachev Boris creates concrete threat and does not give
to simplify a position:} (22. Qc2 $6 a4 {[%csl Rb3,Rc4][%cal Ga4b3,Gb5c4]})
22... bxc4 ({Now is very dangerously:} 22... a4 $2 {because of:} 23. d5 {
[%csl Re7]}) 23. bxc4 Qb4 24. Qe2 Rab8 25. Ba1 {[%cal Gd4d5]} Re8 {[%csl Re2,
Ye8] Black are again protected from progress "d5".} 26. Qc2 Nd7 27. Rb1 Qa3 28.
Rbc1 $6 {And all the same white have missed the chance! It was necessary:} (28.
Rxb8 Rxb8 $140 29. d5 $1 cxd5 30. cxd5 exd5 31. Qc6 Nf8 (31... Qb4 $6 32. Bc3
Qb5 33. Qxb5 Rxb5 34. Re8+ Nf8 35. Ra8 {[%csl Ra5]}) 32. Qxd5 $14) 28... Qb4
29. Re3 {[%cal Ye3a3,Ye3f3]} (29. Rb1 $142 {with hope for returning black
queen in point "a3"}) 29... a4 30. a3 Qa5 31. Qe4 ({Can be recommended:} 31.
Bc3 $5 Qa6 $140 32. Bb4) 31... Qc7 32. Qc2 Qa7 33. Rd1 ({It deserves attention:
} 33. Rce1 {[%cal Gd4d5]}) 33... Qa6 34. Rde1 ({Now, already,weakly:} 34. d5
cxd5 35. cxd5 exd5 36. Rxd5 (36. Rxe8+ Rxe8 {[%csl Rg1]}) 36... Rxe3 37. fxe3
Qe6 $36 {[%csl Re3]}) 34... Rec8 {[%csl Rc2]} 35. Qe2 Nf8 36. h4 Rb7 37. Bc3 (
37. h5 $5 {[%cal Gh5h6]} h6 38. Bc3 ({Pretty dubiously:} 38. g4 $6 {[%cal
Ge3g3,Gg4g5] because of:} Rb3) 38... Rd8 {[%csl Ya6,Yc6,Yd8,Ye6][%cal Gb7b3]})
37... Rd7 38. Re5 Qb7 39. Ba1 {White do not show excessive activity, as the
drawn game completely suits them!} h6 40. Re3 Qa6 41. Rb1 Rb7 $11 42. Rxb7 Qxb7
1/2-1/2

[Event "George Marx Memorial 3rd"]
[Site "Paks"]
[Date "2005.06.14"]
[Round "3"]
[White "Sasikiran, Krishnan"]
[Black "Almasi, Zoltan"]
[Result "1/2-1/2"]
[WhiteElo "2642"]
[BlackElo "2628"]
[Annotator "Golod,V"]
[PlyCount "59"]
[EventDate "2005.06.12"]
[EventType "tourn"]
[EventRounds "10"]
[EventCountry "HUN"]
[EventCategory "15"]
[SourceTitle "CBM 108"]
[Source "ChessBase"]
[SourceDate "2005.09.26"]
[SourceVersion "1"]
[SourceVersionDate "2005.09.26"]
[SourceQuality "1"]

1. d4 Nf6 2. c4 e6 3. Nc3 Bb4 4. Qc2 O-O 5. a3 Bxc3+ 6. Qxc3 b6 7. Bg5 Bb7 8.
Nf3 d6 9. Nd2 Nbd7 10. e3 h6 {Very rare move. Besides Black has two main
alternatives:} (10... Rc8 $5) ({and} 10... c5 $5) 11. Bh4 Rc8 12. f3 ({I like
the next continuation more:} 12. b4 $5 {For further information you can see
comments to Kharlov,A-Kiselev,S/Vladivostok,1994/CBM 043(1-0)(Chekhov,V)(38)})
12... c5 13. dxc5 Rxc5 {Now we can understand the deficiency of Black's tenth
move. If white's bishop was stayed "g5", White would have to lose tempo in
order to protect him.} ({Another option was checked in the next game:} 13...
bxc5 $5 14. Bd3 Qb6 15. O-O a5 16. Rfd1 Rb8 $6 (16... d5 $5) 17. Rab1 Ba8 18.
Bc2 $14 {Kiriakov,P-Grigoriants,S/Nizhnij Novgorod,1999(1-0)(61)}) (13... Nxc5
$5 14. b4 Ncd7 {lead to a position from a game}) (13... dxc5 $143 14. Qc2 $14 {
[%csl Yf1,Gh4]}) 14. b4 Rc8 {With rearrangement of the moves we have a
position, that was found in practice a few times.} 15. Qb2 {White was justly
afraid to keep his queen on <->c.} ({Another alternative was to put the queen
in the centre:} 15. Qd4 $5 Qc7 16. Be2 d5 (16... e5 $5) 17. O-O Qe5 18. Qxe5
Nxe5 19. Rfc1 dxc4 20. Nxc4 Nxc4 21. Bxc4 $14 {Chekhov,V-Wojtkiewicz,A/
Lubniewice,1995(1/2-1/2)(31)}) 15... d5 $146 {Black decided to immediately
exchange his weak pawn.} ({In order to solve opening problems Black previously
tried the next moves:} 15... Ne5 $5 16. Be2 Ng6 17. Bf2 d5 18. O-O e5 $1 (18...
dxc4 $143 19. Bxc4 (19. Nxc4 $5) 19... Nd5 20. Rac1 Qg5 21. Ne4 Qe7 22. Rfe1
Rfd8 $11 {Yuferov,S-Nikolenko,O/Tula,1999(1/2-1/2)(42)}) 19. cxd5 (19. Rac1 $5)
19... Qxd5 20. Rfd1 Qe6 21. e4 Nf4 22. Bb5 Rfd8 $11 {Krush,I-Xu Yuhua/Calvia,
2004(1-0)(59)}) (15... Qe7 $5 16. Be2 e5 17. O-O Rc7 18. e4 Rfc8 19. Rfd1 Qe6
20. Nf1 $6 (20. Rac1 $5) 20... b5 $1 $132 {Drasko,M-Estremera Panos,S/Cutro,
2002(1/2-1/2)(31)}) 16. Be2 Ba6 17. Rc1 $14 ({In case of:} 17. b5 $6 Bb7 {
Black agrees to lose two tempos for control over the "c5" point.} 18. O-O Qe7
19. Rac1 Rfe8 20. Rfd1 {+/=/=}) 17... Bxc4 {Interesting, but not enough for
equality, decision - Black return his "last" bishop. His idea: by couple of
exchanges to get space for pieces.} ({Also after:} 17... dxc4 18. b5 c3 19.
Rxc3 Rxc3 20. Qxc3 Bb7 21. Qb2 $14 {White continues to keep a little advantage.
}) 18. Nxc4 dxc4 19. Bxc4 {Also good for White was to prevent the next Black's
move and play:} (19. Rxc4 $5 Rxc4 20. Bxc4 Qc8 21. Be2 Nd5 22. Kf2 $14 {
[%cal Gh1c1,Gh4g3]}) 19... b5 $1 {A little tactical trick.} 20. Be2 (20. Bxb5
$2 Qb6 {[%csl Rb5,Re3]} 21. Be2 Qxe3 22. Rd1 Ne5 $15 23. Bf2 $140 $2 {[%tqu
"En","White's previous move was a deciding blunder. Can you find why?","","",
"e5d3","",10]} Nd3+ $1 24. Rxd3 Rc1+ 25. Qxc1 (25. Rd1 $2 Rxd1+ 26. Kxd1 Qxf2
$19) 25... Qxc1+ 26. Bd1 Nd5 $17) 20... Qb6 21. Bf2 Rxc1+ 22. Qxc1 Qa6 {
[%csl Rc4][%cal Gf8c8,Gc8c1,Yd7b6,Yb6c4]} 23. O-O {At last, White has hidden
the king and now can quietly begin a game in centre and the queen side. But
before castling, could be recommended:} (23. e4 $5 Rc8 24. Qe3 {[%csl Ye3]
[%cal Ye3a3]} Rc2 $5 (24... Qc6 25. O-O a6 26. Rd1 $14) 25. O-O $140 Ra2 26.
Rc1 Qxa3 (26... Rxa3 $2 27. Bxb5 Rxe3 $8 28. Bxa6 Rb3 29. b5 $16 {קa7}) 27.
Qxa3 Rxa3 28. Bxb5 a5 29. bxa5 (29. Bg3 $6 {/\e5 (פd7)} axb4 $1 30. e5 $140
Nd5 $1 31. Bxd7 b3 32. Bb5 b2 33. Rb1 Ra1 34. Bd3 Nc3 35. Re1 f5 $11) 29...
Rxa5 30. Be2 $14) 23... Rc8 24. Qb2 $6 {Not a successful place for white's
queen. After 24...Nb6 with idea 25...Nc4 or 25...Na4 White will need to play
another move with the queen:} (24. Qa1 $5 Qc6 (24... Nb6 25. e4 Nc4 26. Rd1 Qa4
27. Qc3 $14) 25. e4 a6 26. Be3 Qc3 27. Kf2 $14) 24... Nb6 25. Rc1 Rxc1+ ({
After:} 25... Nc4 26. Bxc4 (26. Qa1 $143 Nd5 27. e4 Ndb6 $11) 26... Rxc4 (26...
bxc4 $6 27. e4 Nd7 28. Bd4 e5 29. Be3 {+/=/=}) 27. Rxc4 bxc4 28. e4 Nd7 $1 {
we have a similar position from a game (only white's queen stands on "b2"
point).}) 26. Qxc1 Nc4 27. e4 Nd7 $1 {[%csl Ra3][%cal Yd7b6]} (27... Qxa3 $6
28. Qxa3 Nxa3 29. Bxa7 $14) (27... Nxa3 $6 28. Qc7 Nc4 29. Bxa7 $14) 28. Bxc4
bxc4 29. Bd4 e5 30. Be3 {The opponents agreed to draw, because in case of:} (
30. Be3 Nb8 31. Qc3 Nc6 {not clear how White could improve his position.})
1/2-1/2

[Event "Minneapolis HB Global op"]
[Site "Minneapolis"]
[Date "2005.05.21"]
[Round "6"]
[White "Goldin, Alexander"]
[Black "Balandin, Aleksey"]
[Result "1/2-1/2"]
[WhiteElo "2615"]
[BlackElo "2365"]
[Annotator "Golod,V"]
[PlyCount "70"]
[EventDate "2005.05.18"]
[EventType "swiss"]
[EventRounds "9"]
[EventCountry "USA"]
[SourceTitle "CBM 107"]
[Source "ChessBase"]
[SourceDate "2005.08.01"]
[SourceVersion "1"]
[SourceVersionDate "2005.08.01"]
[SourceQuality "1"]

1. d4 Nf6 2. c4 e6 3. Nc3 Bb4 4. Qc2 O-O 5. a3 Bxc3+ 6. Qxc3 d6 7. Nf3 Qe7 8.
Bg5 Nbd7 ({7 years ago i already commented this position, but there Black
played:} 8... Re8 $5 {Van Wely,L-Van der Wiel,J/Rotterdam,1998/CBM 066(1-0)
(Golod,V)(24)}) 9. Nd2 $6 $146 {New and a not very successful move. Its
weakness is that the bishop on g5 remains unprotected and Black can use it in
some variations. It seems that during the game White was afraid of the next
continuation:} (9. e3 h6 10. Bh4 g5 11. Bg3 Ne4 12. Qc2 f5 13. Bd3 Ndf6 {
with complicated position. But anyway 9.e3 is the main theoretical line and
was much better than last move 9.Nd2.  After 9.e3 two options were tested: 9..
Re8 and 9..e5.}) 9... Re8 10. e3 {White keeps an open b1-h7 diagonal for his
light square bishop.} (10. e4 $143 e5 11. d5 h6 12. Bxf6 (12. Be3 $6 Ng4) (12.
Bh4 Nxe4 $15) 12... Nxf6 $11) 10... e5 11. dxe5 $5 {White hurries to decline
the tension in the centre in light of next variation:} (11. Be2 h6 12. Bh4 Ne4
13. Bxe7 Nxc3 14. bxc3 Rxe7 $11) 11... dxe5 ({Attention deserves:} 11... Nxe5
$5 12. Be2 h6 13. Bf4 (13. Bh4 $5 Bf5 {[%cal Gf6e4]}) 13... Bg4 14. Bxe5 $140
$6 dxe5 15. Bxg4 Nxg4 16. O-O e4 $15) 12. Qc2 {Prepares 13.Bd3. Immediately
it's less good because:} (12. Bd3 e4 $1 13. Bc2 (13. Nxe4 $2 Nxe4 $19) 13...
Qe6 $13) 12... b6 13. Bd3 h6 14. Bh4 Bb7 {Another good option was:} (14... Nc5
$5 15. Bh7+ (15. Be2 $143 a5 {[%csl Ra3,Rb2][%cal Ga5a4]}) 15... Kh8 16. Be4
Ncxe4 17. Nxe4 Bf5 18. Bxf6 gxf6 $11) 15. Bf5 (15. O-O $142 Nc5 16. Be2 Rad8
17. b4 Nce4 18. Nxe4 Bxe4 19. Qb2 $14) 15... Rad8 {It was interesting to check
taking the pawn. After:} (15... Bxg2 16. Rg1 {White has same compensation, but
not more than that.}) 16. O-O $14 g6 17. Bd3 $6 {Now Black develops an
initiative. More logical was to exchange the strong black's bishop:} (17. Be4
$5 Bxe4 18. Nxe4 g5 19. Nxf6+ Qxf6 20. Bg3 $14) 17... Nc5 18. Be2 g5 $1 (18...
Qe6 $6 19. b4 Nce4 20. Nxe4 Bxe4 21. Qc3 $14) 19. Bg3 $140 Nfe4 $11 20. Rad1 (
20. Nxe4 $143 Bxe4 21. Qc3 f5 22. f3 Bd3 23. Bxd3 Rxd3 24. Qc2 Red8 $11) 20...
Nxd2 21. Rxd2 Ne4 22. Rdd1 ({After:} 22. Rxd8 Rxd8 23. Bd3 f5 {Black is O.K.})
22... a5 {In order to "close" the weak light squares Black could have played:}
(22... f5 $142 $5 $11) 23. Bg4 Nxg3 {Now Black initiates a couple of exchanges
and fully equalizes the position.} 24. fxg3 Rxd1 25. Qxd1 (25. Rxd1 Rd8 26.
Rxd8+ Qxd8 $11) 25... Rd8 26. Qc2 Bc8 27. Bh5 $2 {White continued to fight. It
is true, that after:} (27. Bxc8 $142 Rxc8 28. Qf5 Rd8 $11 {he has no chances
for win, but this was the best possibility. Now Black has a good chance to
take advantage.}) 27... Be6 28. Qe4 ({Or} 28. Qc3 Qc5 29. b4 axb4 30. axb4 Qxc4
31. Qxe5 Rd2 $15) 28... Rd2 $2 {Instead of taking the pawn, Black gives up a
pawn.} (28... Qc5 $1 {[%csl Rc4]} 29. h3 (29. b4 $2 axb4 30. axb4 Qxb4 31. Qxe5
Qxc4 32. Qf6 Rd2 33. Qxh6 Qd5 34. Bf3 Qe5 $19) 29... Rd2 30. Rf2 Rxf2 31. Kxf2
Bxc4 $17) 29. Qxe5 Qc5 $2 (29... Qd8 $142 30. c5 (30. h3 Bxc4 31. Rf6 Rd6 $11)
30... Qd5 31. Qxd5 Bxd5 32. Rf2 Rxf2 33. Kxf2 bxc5 $11) 30. Qf6 $6 {Why return
the pawn?} (30. Qc3 $1 Qd6 31. Qf6 Qf8 32. c5 $1 Qg7 33. Qe7 Bc4 34. cxb6 cxb6
$8 35. Qe8+ Qf8 36. Qxf8+ Kxf8 37. Rf2 $14) 30... Qxe3+ 31. Kh1 Rd7 32. Qxh6 {
After this move the game ended in draw.} Bxc4 33. Bg6 Bxf1 $8 (33... fxg6 $2
34. Rf8#) 34. Bh7+ Kh8 35. Be4+ (35. Bf5+ Kg8 36. Bh7+ (36. Bxd7 $4 Bb5 $19 {
[%csl Rd7,Rh1][%cal Ge3e1]}) 36... Kh8 $11) 35... Kg8 1/2-1/2